| 000 | 00596nam a2200181Ia 4500 | ||
|---|---|---|---|
| 008 | 100917s9999 xx 000 0 und d | ||
| 082 | _b64705 | ||
| 100 | _aसागळे द. चि. - अनु. | ||
| 245 | _aविलक्षण जपानी | ||
| 260 |
_bसाहित्य आणि संस्कृती मंडळ प्रकाशन _c1983 |
||
| 300 | _a160 | ||
| 365 | _b24 | ||
| 520 | _aइतिहास | ||
| 630 | _aविलक्षण जपानी | ||
| 650 | _aइतिहास | ||
| 730 | _aविलक्षण जपानी | ||
| 942 | _cBOOK | ||
| 999 |
_c670099 _d670096 |
||